000 01232nab a2200205 i 4500
001 768714001
003 CO-MdFUSB
005 20240506110726.0
008 240502t1965 sp ||||| |||| 00| 0 spa d
040 _bspa
_cCO-MdFUSB
_dCO-MdFUSB
041 _aspa
100 _aMussner, Franz,
_eautor
245 3 _aEl pueblo de Dios según Efesios 1, 3-14
_c/ Franz Mussner
520 _aEl prefacio a la Epístola a los Efesios (1:3-14) contiene un "discurso conmemorativo" de la fe que, en cierto modo, es análogo a otra antigua oración de bendición judía: el "gran amor", el nombre "pueblo de Dios" no aparece explícitamente en la fórmula matutina. Sin embargo, la idea del pueblo de Dios destaca fuertemente en el fondo, como lo demuestra nuestro trabajo, que por tanto pretende desarrollar esta antigua idea bíblica, profundizar, partiendo del concepto de Dios; una idea que ha cobrado nuevo impulso a través del concilio.
650 0 _aBiblia
_916
650 7 _aEscatología
_9213
773 0 _049450
_982568
_oR2500
_tRevista internacional de teología Concilium
_w(CO-MdFUSB)8
_x0210-1041
_gNúmero 10, (diciembre, 1965), páginas: 99 - 108
_qpágina: 99
942 _cANA
945 _aCatherine Arias Álvarez practicante SENA
999 _c69474
_d69474